000 01134nam a22002657a 4500
005 20170124103139.0
010 _aA-474873
020 _c300.00
035 _aA-474873
037 _bCen Lib/Ret
040 _aDPL
_bHN
082 _a824.08
_bसिंहल
100 _aसिंहल, ओमप्रकाश
_985370
245 _aहिंदी गद्य साहित्य में प्रकृति चित्रण /
_cओमप्रकाश सिंहल
246 _aHindi gdya sahitya me prakriti chitran /
_bby Omprakash Sinhal
260 _a दिल्ली
_bपरिमल पब्लिकेशन
_c1991
270 _b दिल्ली
_a27/28, शक्ति नगर
_e110007
300 _axii,423पृ.
_c20सेमी(सजिल्द )
500 _aसन्दर्भ सूची शामिल
650 _aसाहित्य--गद्य
_x
_z
_985371
650 _aहिंदी--गद्य
_985372
650 _aLiterature --prose
_985373
650 _aHindi -prose
_947734
942 _2ddc
_cHN
_h824.08
_mसिंहल
999 _c119517
_d119517